Die zweitgrößte Stadt in deutschen Bundesländern - Statistiken

Allgemein
  • Dieses Quiz wurde 207 mal gespielt
  • Das Durchschnittsergebnis liegt bei 12 aus 14
Antwortstatistiken
Bundesland Stadt % Korrekt
Bayern Nürnberg
98%
Nordrhein-Westfalen Düsseldorf
97%
Sachsen Dresden
95%
Hessen Wiesbaden
95%
Bremen Bremerhaven
94%
Mecklenburg-Vorpommern Schwerin
93%
Baden-Württemberg Mannheim
91%
Niedersachsen Braunschweig
90%
Thüringen Jena
89%
Schleswig-Holstein Lübeck
87%
Sachsen-Anhalt Magdeburg
85%
Brandenburg Cottbus
83%
Rheinland-Pfalz Ludwigshafen am Rhein
67%
Saarland Neunkirchen
59%
Keine übereinstimmenden Quizze gefunden
Verteilung der Resultate
Anzahl Personen mit jedem Resultat
Perzentil nach korrekt beantworteten Fragen
Ihre Resultats-Entwicklung
Sie haben dieses Quiz noch nicht gespielt